I bless you in my heart : selected correspondence of Catharine Parr Traill /

Bibliographic Details
Main Author: Traill, Catherine Parr Strickland, 1802-1899
Other Authors: Ballstadt, Carl, 1931-, Hopkins, Elizabeth, Peterman, Michael A., 1942-
Format: Book
Language:English
Published: Toronto ; Buffalo : University of Toronto Press, [1996]
Subjects:

MARC

Tag First Indicator Second Indicator Subfields
LEADER 00000cam a22000008a 4500
001 in00001344613
005 20151005093004.0
008 960529s1996 onca 000 0 eng d
010 |a cn 96930974  
015 |a C96-930974-0 
020 |a 0802008372 
035 |a (OCoLC)35942697 
035 |9 AHE5416AM 
040 |a CaOTU  |b eng  |c NLC  |d DGU  |d TXA  |d UtOrBLW 
049 |a TXAM 
055 1 3 |a FC3067.2 
082 0 0 |a 971.3/02/092  |2 20 
090 |a F1057  |b .T77 1996 
100 1 |a Traill, Catherine Parr Strickland,  |d 1802-1899. 
245 1 0 |a I bless you in my heart :  |b selected correspondence of Catharine Parr Traill /  |c edited by Carl Ballstadt, Elizabeth Hopkins and Michael A. Peterman. 
263 |a 9610 
264 1 |a Toronto ;  |a Buffalo :  |b University of Toronto Press,  |c [1996] 
264 4 |c ©1996 
300 |a xix, 437 pages :  |b illustrations ;  |c 24 cm. 
336 |a text  |b txt  |2 rdacontent 
337 |a unmediated  |b n  |2 rdamedia 
338 |a volume  |b nc  |2 rdacarrier 
504 |a Includes index. 
650 0 |a Frontier and pioneer life  |z Ontario. 
600 1 0 |a Traill, Catherine Parr Strickland,  |d 1802-1899  |x Correspondence. 
651 0 |a Ontario  |x Social life and customs. 
700 1 |a Ballstadt, Carl,  |d 1931- 
700 1 |a Hopkins, Elizabeth. 
700 1 |a Peterman, Michael A.,  |d 1942- 
999 |a MARS 
999 f f |s aaccfbce-b333-3e05-ba43-39a9a9e3f7d7  |i b0e75958-6d15-398d-8d80-8e98b7687165  |t 0 
952 f f |p ric  |a Texas A&M University  |b Rellis Campus  |c Joint Library Facility  |d Remote Storage  |t 0  |e F1057 .T77 1996  |h Library of Congress classification  |i unmediated -- volume  |m A14820526405 
998 f f |a F1057 .T77 1996  |t 0  |l Remote Storage